All Rihanna Songs - Statistics

General Stats
  • This quiz has been taken 161 times
  • The average score is 33 of 120
Answer Stats
Song Album % Correct
Diamonds Unapolegetic
82%
Umbrella Good Girl Gone Bad
80%
Only Girl (In The World) Loud
73%
S&M Loud
72%
Rude Boy Rated R
70%
Work ANTI
67%
Don't Stop The Music Good Girl Gone Bad
64%
Disturbia Good Girl Gone Bad
63%
Pon De Replay Music Of The Sun
63%
SOS A Girl Like Me
63%
Love On The Brain ANTI
62%
Stay Unapolegetic
61%
Bitch Better Have My Money Single
56%
We Found Love Talk That Talk
56%
Man Down Loud
55%
Needed Me ANTI
55%
Talk That Talk Talk That Talk
55%
Where Have You Been Talk That Talk
55%
What's My Name? Loud
53%
Shut Up And Drive Good Girl Gone Bad
51%
California King Bed Loud
50%
Love The Way You Lie - Part II Loud
49%
Kiss It Better ANTI
46%
Unfaithful A Girl Like Me
45%
Take A Bow Good Girl Gone Bad
43%
A Girl Like Me A Girl Like Me
40%
Good Girl Gone Bad Good Girl Gone Bad
39%
Rehab Good Girl Gone Bad
39%
Russian Roulette Rated R
39%
Desperado ANTI
38%
Pour It Up Unapolegetic
38%
You Da One Talk That Talk
36%
Cheers (Drink To That) Loud
35%
FourFiveSeconds Single
34%
Music Of The Sun Music Of The Sun
34%
Sex With Me ANTI
34%
Consideration ANTI
32%
Te Amo Rated R
32%
Breakin' Dishes Good Girl Gone Bad
31%
Woo ANTI
30%
Birthday Cake Talk That Talk
27%
Hard Rated R
27%
What Now Unapolegetic
27%
James Joint ANTI
26%
If It’s Lovin’ That You Want Music Of The Sun
25%
Loveeeeeee Song Unapolegetic
24%
Nobody's Business Unapolegetic
24%
Skin Loud
24%
Complicated Loud
23%
Goodnight Gotham ANTI
23%
Hate That I Love You Good Girl Gone Bad
23%
Higher ANTI
23%
Raining Men Loud
23%
Right Now Unapolegetic
23%
Cockiness (Love It) Talk That Talk
22%
Same Ol' Mistakes ANTI
22%
American Oxygen Single
21%
Fading Loud
21%
Numb Unapolegetic
21%
Break It Off A Girl Like Me
20%
Close To You ANTI
20%
Wait Your Turn Rated R
20%
We Ride A Girl Like Me
20%
Drunk On Love Talk That Talk
19%
Photographs Rated R
19%
Cold Case Love Rated R
18%
Mad House Rated R
18%
Phresh Out The Runway Unapolegetic
18%
Pose ANTI
18%
Farewell Talk That Talk
17%
Fire Bomb Rated R
17%
G4L Rated R
17%
Jump Unapolegetic
17%
Love Without Tragedy/Mother Mary Unapolegetic
17%
Push Up On Me Good Girl Gone Bad
17%
Sell Me Candy Good Girl Gone Bad
17%
Stupid In Love Rated R
17%
Half Of Me Unapolegetic
16%
Lost In Paradise Unapolegetic
16%
Red Lipstick Talk That Talk
16%
ROCKSTAR 101 Rated R
16%
Let Me Music Of The Sun
15%
No Love Allowed Unapolegetic
15%
The Last Song Rated R
15%
Yeah, I Said It ANTI
15%
Never Ending ANTI
14%
We All Want Love Talk That Talk
14%
A Million Miles Away A Girl Like Me
13%
Cry Good Girl Gone Bad
13%
Here I Go Again Music Of The Sun
13%
Say It Good Girl Gone Bad
13%
That La, La, La Music Of The Sun
13%
Towards The Sun Single
13%
Watch n' Learn Talk That Talk
13%
Do Ya Thang Talk That Talk
12%
Fool In Love Talk That Talk
12%
Lemme Get That Good Girl Gone Bad
12%
P.S. (I’m Still Not Over You) A Girl Like Me
12%
Roc Me Out Talk That Talk
12%
Crazy Little Thing Called Love A Girl Like Me
11%
Get It Over With Unapolegetic
11%
Question Existing Good Girl Gone Bad
11%
Selfish Girl A Girl Like Me
11%
You Don’t Love Me (No, No, No) Music Of The Sun
11%
Final Goodbye A Girl Like Me
10%
Kisses Don’t Lie A Girl Like Me
10%
There’s A Thug In My Life Music Of The Sun
10%
Now I Know Music Of The Sun
9%
Rush Music Of The Sun
9%
Sledgehammer Single
9%
Willing To Wait Music Of The Sun
9%
Dem Haters A Girl Like Me
8%
Haunted Good Girl Gone Bad
8%
The Last Time Music Of The Sun
8%
Coulda Been The One A Girl Like Me
6%
Hypnotized Music Of The Sun
6%
Should I? Music Of The Sun
6%
If It's Lovin' That You Want - Part 2 A Girl Like Me
5%
Redemption Song Single
5%
Who You Gonna Run To A Girl Like Me
5%
No matching quizzes found
Score Distribution
Percent of People with Each Score
Percentile by Number Answered
Your Score History
You have not taken this quiz